Prophets and proverbs : (Record no. 5571)

MARC details
000 -LEADER
fixed length control field 00715nam a22002057a 4500
003 - CONTROL NUMBER IDENTIFIER
control field OSt
005 - DATE AND TIME OF LATEST TRANSACTION
control field 20251106052543.0
008 - FIXED-LENGTH DATA ELEMENTS--GENERAL INFORMATION
fixed length control field 251106b |||||||| |||| 00| 0 eng d
020 ## - INTERNATIONAL STANDARD BOOK NUMBER
International Standard Book Number 971-501-929-3
040 ## - CATALOGING SOURCE
Original cataloging agency DWCL-Main lib
Transcribing agency OC
082 ## - DEWEY DECIMAL CLASSIFICATION NUMBER
Classification number Circ. 221.6 C414 2002
100 ## - MAIN ENTRY--PERSONAL NAME
Personal name Ceresko, A.
245 ## - TITLE STATEMENT
Title Prophets and proverbs :
Remainder of title more studies in old testament peotry and biblical religion
Statement of responsibility, etc. Ceresko, Anthony R.
260 ## - PUBLICATION, DISTRIBUTION, ETC.
Place of publication, distribution, etc. Manila :
Name of publisher, distributor, etc. Claretians Publications,
Date of publication, distribution, etc. c2002
300 ## - PHYSICAL DESCRIPTION
Extent xii, 160 pages :
Dimensions 22 cm.
504 ## - BIBLIOGRAPHY, ETC. NOTE
Bibliography, etc. note Includes index
650 ## - SUBJECT ADDED ENTRY--TOPICAL TERM
Source of heading or term Bible, O.T.--introductions
650 ## - SUBJECT ADDED ENTRY--TOPICAL TERM
Source of heading or term Sociology, biblical
942 ## - ADDED ENTRY ELEMENTS (KOHA)
Source of classification or shelving scheme Dewey Decimal Classification
Koha item type Book Circulation
Classification part Circ. 221.6 C414 2002
Call number prefix Circ.
Suppress in OPAC No
952 ## - LOCATION AND ITEM INFORMATION (KOHA)
--
Holdings
Withdrawn status Lost status Source of classification or shelving scheme Damaged status Not for loan Home library Current library Shelving location Date acquired Source of acquisition Total Checkouts Full call number Barcode Date last seen Copy number Price effective from Koha item type Uniform Resource Identifier
    Dewey Decimal Classification     College Library College Library Circulation 12/15/2005 Donation   Circ. 221.6 C414 2002 CL42585 11/06/2025 c11 11/06/2025 BK-CIRC